| 000 | 00593cam a2200205 4500500 | ||
|---|---|---|---|
| 005 | 20260405002058.0 | ||
| 041 | _afre | ||
| 042 | _adc | ||
| 100 | 1 | 0 |
_aLequin, Mathilde _eauthor |
| 245 | 0 | 0 | _aLe temps de la consolation |
| 260 | _c2015. | ||
| 500 | _a72 | ||
| 690 | _aConsolation | ||
| 690 | _aDeuil | ||
| 690 | _aMichaƫl Foessel | ||
| 690 | _aSouffrance | ||
| 690 | _aTristesse | ||
| 786 | 0 | _nPhilosophie magazine | 93 | 10 | 2015-10-01 | p. 55-55 | 1951-1787 | |
| 856 | 4 | 1 | _uhttps://shs.cairn.info/magazine-philosophie-magazine-2015-10-page-55?lang=fr&redirect-ssocas=7080 |
| 999 |
_c2054018 _d2054018 |
||